Statistics for Top 20 Tottenham Hotspurs Goalscorers in the Premier League

Click here to take the quiz!

General Stats

  • This quiz has been taken 38 times
  • The average score is 12 of 21

Answer Stats

NPlayerNationalityGoals% Correct
1Harry KaneEnglish209
100%
2Heung-min SonSouth Korean103
100%
7Christian EriksenDanish51
97%
15Dimitar BerbatovBulgarian27
86%
6Gareth BaleWelsh53
86%
11Emmanuel AdebayorTogolese35
83%
4Robbie KeaneIrish91
83%
4Jermain DefoeEnglish91
69%
14Jurgen KlinsmannGerman29
67%
7Dele AlliEnglish51
64%
19Lucas MouraBrazilian20
64%
3Teddy SherringhamEnglish97
64%
16Aaron LennonEnglish26
47%
17Rafael van der VaartDutch24
47%
19Roman PavlyuchenkoRussian20
44%
13Les FerdinandEnglish33
36%
12Darren AndertonEnglish34
31%
10Steffen IversenNorwegian36
22%
9Chris ArmstrongEnglish48
17%
18Jermaine JenasEnglish21
17%
19Nick BarmbyEnglish20
11%

Score Distribution

Percentile by Number Answered

Percent of People with Each Score

Your Score History

You have not taken this quiz